Gminy w powiecie żywieckim - Statystyki

Ogólne statystyki
  • Ten quiz został rozwiązany 156 razy
  • Średni wynik to 10 z 15
Statystyki odpowiedzi
Hint Odpowiedź % Poprawnych
miejska Żywiec
95%
wiejska Milówka
82%
wiejska Węgierska Górka
82%
wiejska Rajcza
72%
wiejska Radziechowy-Wieprz
71%
wiejska Jeleśnia
70%
wiejska Lipowa
69%
wiejska Łodygowice
69%
wiejska Gilowice
67%
wiejska Świnna
67%
wiejska Ślemień
63%
wiejska Ujsoły
60%
wiejska Koszarawa
58%
wiejska Czernichów
55%
wiejska Łękawica
48%
Nie znaleziono quizów pasujących do podanych kryteriów
Rozkład punktacji
Procent ludzi z każdym wynikiem
Percentyl według liczby udzielonych odpowiedzi
Twoja historia wyników
Nie rozwiązałeś tego quizu